Equipos del fútbol mexicano con imágenes - Estadísticas

Estadísticas generales
  • Esta prueba ha sido intentada 7 veces
  • La puntuación promedio es 22 de 35
Estadísticas de respuestas
Imagen Respuesta % Correcto
Club América
100%
Club León
100%
Club Tijuana
100%
Cruz Azul
100%
Guadalajara
100%
Pumas de la UNAM
100%
Tigres de la UANL
100%
Atlante
83%
Monterrey
83%
Querétaro
83%
Toluca
83%
Atlas
67%
Dorados de Sinaloa
67%
Jaguares de Chiapas
67%
Juárez
67%
Necaxa
67%
Pachuca
67%
Santos Laguna
67%
Veracruz
67%
Atlético Morelia
50%
Club Puebla
50%
Correcaminos de la UAT
50%
Leones Negros UdeG
50%
Mazatlán
50%
Venados de Yucatán
50%
Alebrijes de Oaxaca
33%
Atlético San Luis
33%
Cancún
33%
Irapuato
33%
Jaiba Brava
33%
Lobos de la BUAP
33%
Neza FC
33%
Tecos FC
33%
Celaya
17%
Indios de Ciudad Juárez
17%
No se encontraron pruebas coincidentes
Distribución de puntuación
Porcentaje de gente con cada puntuación
Porcentaje por número respondido
Historial de tus puntuaciones
No has intentado esta prueba.